000 00609nam a2200241Ia 4500
003 OSt
005 20221007115433.0
006 a|||||r|||| 00| 0
007 ta
008 221006b |||||||| |||| 00| 0 hin d
024 _a37,061
037 _cTextual
040 _aLCO
_cLCO
_bhin
041 _2hin
_ahin
082 _aZ2,75,15, 152 Q4
100 _aRATANLAL & DHIRAJLAL
245 0 _aCode of Criminal Procedure
250 _a21st
260 _c2014
300 _a1652
942 _hZ2,75,15, 152 Q4
_cTEXL
999 _c1206624
_d1206624